Score 0/10 Timer 01:30
0 Plays Today
% Correct
Spain
93.5%
Germany
93.2%
Belgium
91.6%
Switzerland
89.6%
Italy
89.6%
Luxembourg
89%
Andorra
87.3%
Monaco
86.5%
Brazil
79.8%
Suriname
74.9%
Remove Ads.
Support Sporcle.
Get the best of Sporcle when you Go Orange. This ad-free experience offers more features, more stats, and more fun while also helping to support Sporcle. Thank you for becoming a member.

You're not logged in!

Compare scores with friends on all Sporcle quizzes.
OR
Log In

Show Comments

Extras

Top Quizzes Today


Score Distribution

Your Account Isn't Verified!

In order to create a playlist on Sporcle, you need to verify the email address you used during registration. Go to your Sporcle Settings to finish the process.

Report this User

Report this user for behavior that violates our Community Guidelines.

Details: